| 000 | 00995cab a22002055a 4500 | ||
|---|---|---|---|
| 001 | L154085 | ||
| 008 | 111012e20111008xxk 000 0 eng d | ||
| 035 | _a(Sirsi) u154085 | ||
| 041 | 0 | _aeng | |
| 100 | 1 | _aPilkington, Lisa | |
| 245 | 0 | 0 |
_aFocus _bEast Midlands |
| 260 | _c2011 | ||
| 490 |
_aEstates Gazette _v(1140) 8 October 2011, 77-93(14) |
||
| 520 | _aProfiles David Bishop, Nottingham City Council's new corporate director for development. Outlines plans for three new East Midlands enterpise zones South East Midlands, Leicester and Leicestershire and Nottingham, Nottinghamshire Derby and Derbyshire and redevelopment of Silverstone race track and a general overview of retail and office markets including the Broadmarsh and Victoria Centre in Nottingham. Market in numbers looks at office and industrial availability, take-up and rents and retail rents. | ||
| 590 | _aKA | ||
| 651 | 4 | _aDERBYSHIRE | |
| 651 | 4 | _aNOTTINGHAMSHIRE | |
| 690 | _aPROPERTY-INFRASTRUCTURE | ||
| 942 | _n0 | ||
| 999 |
_c83489 _d83489 |
||